[Event "Titled Tue 3rd Jun Early"]
[Site "chess.com INT"]
[Date "2025.06.03"]
[Round "10"]
[White "Lopez Abreu, Michel Samuel"]
[Black "Tursunalieva, Nurelina"]
[Result "0-1"]
[WhiteTitle "FM"]
[BlackTitle "WCM"]
[WhiteElo "2038"]
[BlackElo "1810"]
[WhiteFideId "3927903"]
[BlackFideId "13817329"]
[EventDate "2025.06.03"]

1. d4 Nf6 2. Nf3 g6 3. c4 Bg7 4. Nc3 d6 5. Bg5 O-O 6. Qd2 c6 7. Bh6 Nbd7 8. Bxg7
Kxg7 9. e4 e5 10. d5 c5 11. Bd3 a6 12. O-O Qe7 13. a3 Nh5 14. g3 Nb6 15. b4 cxb4
16. axb4 Qc7 17. Qe2 f5 18. exf5 Bxf5 19. Nd2 Bxd3 20. Qxd3 Nf4 21. gxf4 Rxf4
22. c5 dxc5 23. d6 Qc6 24. Nce4 c4 25. Qg3 h5 26. f3 c3 27. Nb3 Qc4 28. Na5 Qd4+
29. Qf2 Qxb4 30. Rfb1 Qd4 31. Qxd4 exd4 32. Rxb6 Rxf3 33. Rxb7+ Kh6 34. d7 c2
35. Rc1 d3 36. Nd2 Re3 37. Nac4 Re2 38. Rc7 Rf8 39. Nd6 Rff2 40. d8=Q Rg2+ 41.
Kh1 Rxh2+ 42. Kg1 Reg2+ 43. Kf1 Rf2+ 44. Kg1 Rhg2+ 45. Kh1 Rh2+ 46. Kg1 Rfg2+
47. Kf1 Rf2+ 0-1

[Event "Titled Tue 3rd Jun Early"]
[Site "chess.com INT"]
[Date "2025.06.03"]
[Round "10"]
[White "Toroptseva, Yevheniia"]
[Black "Fedorov, Artem Alek"]
[Result "0-1"]
[WhiteTitle "WFM"]
[BlackTitle "CM"]
[WhiteElo "2064"]
[BlackElo "2198"]
[WhiteFideId "34109374"]
[BlackFideId "34418431"]
[EventDate "2025.06.03"]

1. Nc3 d5 2. e4 d4 3. Nce2 e5 4. d3 c5 5. f4 f6 6. g3 Nc6 7. Bg2 Bd6 8. Nf3 Nge7
9. O-O O-O 10. f5 b5 11. g4 c4 12. g5 Bb7 13. Qe1 cxd3 14. cxd3 Nb4 15. gxf6
Rxf6 16. Bg5 Rf7 17. Nxe5 Rf8 18. Qd2 Rc8 19. Rfc1 Rxc1+ 20. Nxc1 Qc7 21. Nf3
Nbc6 22. a3 Ne5 23. Ne2 Nxf3+ 24. Bxf3 Bxh2+ 25. Kg2 Nc6 26. Rc1 Be5 27. Nf4 Qf7
28. Ne6 Re8 29. Rh1 Rxe6 30. fxe6 Qxe6 31. Qe2 Qg6 32. Qd2 h6 33. Bh5 Qxg5+ 34.
Qxg5 hxg5 35. Bg6 Bf4 0-1

[Event "Titled Tue 3rd Jun Early"]
[Site "chess.com INT"]
[Date "2025.06.03"]
[Round "10"]
[White "Lazaro Azcutia, Miguel"]
[Black "Gunawardhana, Devindya Oshini"]
[Result "1-0"]
[WhiteTitle "CM"]
[BlackTitle "WIM"]
[WhiteElo "2275"]
[BlackElo "2068"]
[WhiteFideId "54538254"]
[BlackFideId "29941482"]
[EventDate "2025.06.03"]

1. e4 e5 2. Nf3 Nc6 3. Bb5 a6 4. Ba4 Nf6 5. O-O b5 6. Bb3 Bb7 7. d3 Be7 8. a3
O-O 9. Nc3 h6 10. Nd5 d6 11. Bd2 Rb8 12. c4 bxc4 13. Bxc4 Nxd5 14. Bxd5 Na7 15.
Bxb7 Rxb7 16. b4 f5 17. Qb3+ Kh8 18. Rfc1 Qd7 19. Rab1 Rbb8 20. Kh1 Nb5 21. a4
Na7 22. Qc4 fxe4 23. dxe4 c6 24. Qxa6 Ra8 25. Qe2 Nc8 26. b5 cxb5 27. axb5 Nb6
28. Be3 Na4 29. b6 Qb7 30. Nd2 Rac8 31. Rxc8 Rxc8 32. Qd3 Rc6 33. Nc4 Kh7 34.
Na5 Rxb6 35. Nxb7 1-0

[Event "Titled Tue 3rd Jun Early"]
[Site "chess.com INT"]
[Date "2025.06.03"]
[Round "10"]
[White "Aalto, Patrik"]
[Black "Jasinski, Alexander"]
[Result "0-1"]
[WhiteTitle "FM"]
[WhiteElo "2313"]
[BlackElo "1964"]
[WhiteFideId "510726"]
[BlackFideId "55627994"]
[EventDate "2025.06.03"]

1. c4 Nf6 2. g3 g6 3. Bg2 Bg7 4. Nf3 O-O 5. d4 d6 6. O-O Nc6 7. Nc3 a6 8. b3 Rb8
9. Bb2 b5 10. cxb5 axb5 11. Rc1 b4 12. Na4 Na5 13. d5 Bd7 14. Nd4 Bxa4 15. bxa4
Rb6 16. e4 Nd7 17. Qc2 Nc5 18. Rcd1 Qd7 19. Nb3 Qxa4 20. Bxg7 Kxg7 21. Qb2+ Kg8
22. Nxc5 dxc5 23. e5 c4 24. e6 f6 25. Be4 b3 26. axb3 cxb3 27. Rd4 Qb5 28. Qc3
b2 29. Bd3 Nc4 30. Qxc4 Qxc4 31. Rxc4 Ra8 32. Rb1 Ra1 33. Rxc7 Rb5 34. Rxe7 Rxd5
35. Re8+ Kg7 0-1

[Event "Titled Tue 3rd Jun Early"]
[Site "chess.com INT"]
[Date "2025.06.03"]
[Round "10"]
[White "Klukin, Kirill"]
[Black "Lazavik, Denis"]
[Result "0-1"]
[WhiteTitle "IM"]
[BlackTitle "GM"]
[WhiteElo "2407"]
[BlackElo "2577"]
[WhiteFideId "24199273"]
[BlackFideId "13515110"]
[EventDate "2025.06.03"]

1. d4 Nf6 2. Nf3 b6 3. e3 Bb7 4. Bd3 e6 5. O-O d5 6. b3 Be7 7. Bb2 O-O 8. c4
Nbd7 9. cxd5 Nxd5 10. Nc3 c5 11. Nxd5 Bxd5 12. e4 Bb7 13. Re1 cxd4 14. Bxd4 Bc5
15. Bb5 Bxd4 16. Nxd4 Nc5 17. f3 Qf6 18. Qd2 Rfd8 19. e5 Qh4 20. Rad1 a6 21. Be2
Rd5 22. Qe3 Rad8 23. Nc2 a5 24. Rxd5 Rxd5 25. Bc4 Rd8 26. Re2 h6 27. Rd2 Qe7 28.
Rxd8+ Qxd8 29. Qd4 Qc7 30. Bb5 Ba6 31. Bxa6 Nxa6 32. Ne3 Nb4 33. a4 Qc1+ 34. Kf2
Qb1 35. Qxb6 Qb2+ 36. Kg3 Qxe5+ 37. f4 Qc3 38. Qb8+ Kh7 39. Qe5 Qxb3 40. Qe4+ f5
41. Qf3 Qxa4 42. Nc4 Nd5 43. Ne5 Qd4 44. Nd3 a4 45. Ne5 a3 0-1

[Event "Titled Tue 3rd Jun Early"]
[Site "chess.com INT"]
[Date "2025.06.03"]
[Round "10"]
[White "Florescu, Codrut-Constantin"]
[Black "Lagunov, Evgenij"]
[Result "1-0"]
[WhiteTitle "IM"]
[BlackTitle "FM"]
[WhiteElo "2193"]
[BlackElo "2201"]
[WhiteFideId "1202200"]
[BlackFideId "4125363"]
[EventDate "2025.06.03"]

1. d4 d5 2. Nf3 e6 3. c4 Nf6 4. Nc3 Be7 5. Bf4 c5 6. dxc5 Qa5 7. cxd5 Nxd5 8.
Bd2 Qxc5 9. e4 Nb6 10. Nb5 Na6 11. Rc1 Qh5 12. Be2 Bd7 13. a4 O-O 14. O-O Bc6
15. Nfd4 Qe5 16. Nxc6 bxc6 17. Bc3 Qxe4 18. Nd4 Rad8 19. Bxa6 c5 20. Bd3 Qd5 21.
a5 cxd4 22. axb6 dxc3 23. Rxc3 axb6 24. Qc2 h6 25. Rd1 Qe5 26. g3 Bc5 27. Rc4
Rd5 28. b4 Be7 29. Re4 Qf6 30. Rde1 Rfd8 31. Rf4 Qg5 32. Bh7+ Kf8 33. Bg6 Bf6
34. Be4 Rd4 35. Qc6 Rxb4 36. Qc7 Qc5 37. Qb7 1-0

[Event "Titled Tue 3rd Jun Early"]
[Site "chess.com INT"]
[Date "2025.06.03"]
[Round "10"]
[White "Gharibyan, Mamikon"]
[Black "Ambartsumova, Karina"]
[Result "0-1"]
[WhiteTitle "GM"]
[BlackTitle "IM"]
[WhiteElo "2472"]
[BlackElo "2403"]
[WhiteFideId "13308300"]
[BlackFideId "4166299"]
[EventDate "2025.06.03"]

1. d4 Nf6 2. c4 e6 3. Nc3 d5 4. cxd5 exd5 5. Bg5 Be7 6. e3 c6 7. Bd3 Nbd7 8. h3
Nf8 9. Nf3 Ne6 10. Bh4 g6 11. Qc2 Ng7 12. O-O-O Bf5 13. Bg3 O-O 14. Kb1 a5 15.
Ne5 Bxd3 16. Nxd3 b5 17. Ne5 Rc8 18. Bf4 a4 19. a3 b4 20. axb4 Bxb4 21. Nxa4 Ne4
22. f3 Nd6 23. Rc1 Ne6 24. Nxc6 Qe8 25. Qb3 Rxc6 26. Rxc6 Qxc6 27. Qxb4 Nc4 28.
Bh6 Ra8 29. b3 Qc7 30. Rc1 Rb8 31. Qc3 Qb7 32. Ka2 Nd2 33. e4 Nxb3 34. Rb1 Nexd4
35. Be3 Qa6 36. Ka3 Ra8 37. Qb4 Nc2+ 38. Kxb3 Nxb4 39. Nc5 Qc4+ 40. Kb2 Ra2# 0-1

[Event "Titled Tue 3rd Jun Early"]
[Site "chess.com INT"]
[Date "2025.06.03"]
[Round "10"]
[White "Gurevich, Dmitry"]
[Black "Tilahun, Abel Mathewos"]
[Result "1-0"]
[WhiteTitle "GM"]
[BlackTitle "CM"]
[WhiteElo "2347"]
[BlackElo "1944"]
[WhiteFideId "2000407"]
[BlackFideId "15702391"]
[EventDate "2025.06.03"]

1. d4 d5 2. c4 e6 3. Nc3 Nf6 4. Bf4 Be7 5. e3 O-O 6. Nf3 Nbd7 7. cxd5 exd5 8.
Bd3 c6 9. O-O Nh5 10. Be5 Nxe5 11. dxe5 g6 12. Be2 Ng7 13. e4 Be6 14. exd5 Bxd5
15. Nxd5 cxd5 16. Nd4 Qb6 17. Bf3 Rfd8 18. Qd3 a6 19. Rfd1 Ne6 20. Nxe6 fxe6 21.
Rac1 Rac8 22. Rxc8 Rxc8 23. Bg4 Bc5 24. Rd2 Rf8 25. Qg3 a5 26. h4 Kh8 27. h5 Rg8
28. Qh3 Qb4 29. Re2 Qd4 30. Kh2 Qf4+ 31. g3 Qf7 32. Bxe6 Qf3 33. Rd2 Bxf2 34.
Bxg8 Be3 35. hxg6 h6 36. Bxd5 Qf1 37. Qxf1 Bxd2 38. Qf6# 1-0

[Event "Titled Tue 3rd Jun Early"]
[Site "chess.com INT"]
[Date "2025.06.03"]
[Round "10"]
[White "Dwilewicz, Katarzyna"]
[Black "Burmakin, Evgeniy"]
[Result "1-0"]
[WhiteTitle "WFM"]
[BlackTitle "FM"]
[WhiteElo "2207"]
[BlackElo "2110"]
[WhiteFideId "1148486"]
[BlackFideId "4163729"]
[EventDate "2025.06.03"]

1. e4 c5 2. Nc3 Nc6 3. Bb5 Nd4 4. Bc4 e6 5. Nge2 a6 6. a4 Nf6 7. O-O d5 8. exd5
exd5 9. Ba2 Be7 10. d3 Bg4 11. f3 Be6 12. Bg5 O-O 13. Nxd4 cxd4 14. Ne2 Qb6 15.
Bb3 Rfe8 16. Qe1 Rac8 17. Qf2 h6 18. Bh4 a5 19. Kh1 g5 20. Bg3 Nd7 21. f4 Bf6
22. f5 Bxf5 23. Qxf5 Rxe2 24. Qxd7 Rd8 25. Qb5 Qe6 26. Qxa5 h5 27. Rae1 Re3 28.
Bf2 Re2 29. Rxe2 Qxe2 30. Qe1 Qg4 31. h3 Qd7 32. Bg3 Bg7 33. Qf2 Re8 34. Qf5 Qe7
35. Bxd5 Rf8 36. Qe4 Qd7 37. Bxb7 h4 38. Bh2 1-0

[Event "Titled Tue 3rd Jun Early"]
[Site "chess.com INT"]
[Date "2025.06.03"]
[Round "10"]
[White "Cahaya, Satria Duta"]
[Black "Sapocinic, Semion"]
[Result "1-0"]
[WhiteTitle "FM"]
[BlackTitle "FM"]
[WhiteElo "2416"]
[BlackElo "2309"]
[WhiteFideId "7124252"]
[BlackFideId "13908693"]
[EventDate "2025.06.03"]

1. e4 e5 2. Nf3 Nc6 3. Bb5 a6 4. Ba4 Nf6 5. O-O Be7 6. Bxc6 dxc6 7. d3 Nd7 8.
Be3 O-O 9. Nc3 f6 10. h3 Nc5 11. Nh2 Ne6 12. Ne2 Re8 13. Kh1 Bf8 14. f4 exf4 15.
Nxf4 Nxf4 16. Bxf4 a5 17. a4 Be6 18. b3 Bd6 19. Qf3 Bxf4 20. Qxf4 Qd6 21. Qf2
Rad8 22. Rae1 Qd4 23. Qg3 Qd6 24. Qh4 Qc5 25. Re2 b5 26. Nf3 bxa4 27. bxa4 Qb4
28. Qg3 Qd6 29. e5 fxe5 30. Rxe5 Bd5 31. d4 Rxe5 32. Nxe5 Rf8 33. Rxf8+ Qxf8 34.
Kh2 h6 35. c4 Be4 36. Ng4 Kh7 37. Qxc7 Qf1 38. Ne3 Qe2 39. Qf4 Bc2 40. d5 cxd5
41. cxd5 Bxa4 42. Ng4 Qd3 43. Qxa4 Qxd5 44. Qc2+ Kh8 45. Qc8+ Kh7 46. Qc2+ Kh8
47. Nf2 Qd6+ 48. g3 Qb4 49. Nd3 Qd4 50. Nf4 a4 51. Ng6+ Kg8 52. h4 h5 53. Qc8+
Kf7 54. Qf5+ Qf6 55. Ne5+ Ke7 56. Qd7+ Kf8 57. Qc8+ Ke7 58. Qd7+ Kf8 59. Qc8+
Ke7 60. Qb7+ Kf8 61. Nd7+ Ke7 62. Nxf6+ Kxf6 63. Qa6+ 1-0

[Event "Titled Tue 3rd Jun Early"]
[Site "chess.com INT"]
[Date "2025.06.03"]
[Round "10"]
[White "Deng, Henry"]
[Black "Gabrielian, Artur"]
[Result "0-1"]
[WhiteTitle "FM"]
[BlackTitle "GM"]
[WhiteElo "2327"]
[BlackElo "2419"]
[WhiteFideId "30965454"]
[BlackFideId "4131002"]
[EventDate "2025.06.03"]

1. Nf3 Nf6 2. b3 e6 3. Bb2 d5 4. g3 Be7 5. Bg2 O-O 6. O-O b6 7. e3 Bb7 8. d3 c5
9. Nbd2 Nbd7 10. Qe2 Qc7 11. c4 Rfe8 12. cxd5 exd5 13. d4 Bd6 14. Rfc1 Rac8 15.
Rc2 Qb8 16. Rac1 a6 17. dxc5 bxc5 18. Nh4 d4 19. Nc4 Bxg2 20. Kxg2 Ne5 21. Nf5
d3 22. Qf1 dxc2 23. Ncxd6 Qa8+ 24. f3 Rcd8 25. Rxc2 Re6 26. Rxc5 Ng6 27. Nc4 Rc6
28. Rxc6 Qxc6 29. Nd4 Qe8 30. Qa1 h5 31. Nf5 Qe6 32. Nd4 Qc8 33. Ne2 Qe6 34. h4
Rd3 35. Nd4 Qd5 36. Qc1 Nd7 37. Qc2 Nde5 38. Nb6 Qb7 39. Nc4 Rxd4 40. Bxd4 Qxf3+
41. Kg1 Qxg3+ 42. Kf1 Ng4 43. Qg2 Nh2+ 44. Kg1 Nf3+ 45. Kf1 Qe1# 0-1

[Event "Titled Tue 3rd Jun Early"]
[Site "chess.com INT"]
[Date "2025.06.03"]
[Round "10"]
[White "Montano Vicente, Guadalupe"]
[Black "Andrade, Ivan"]
[Result "0-1"]
[BlackTitle "FM"]
[WhiteElo "1940"]
[BlackElo "2161"]
[WhiteFideId "5181399"]
[BlackFideId "14800039"]
[EventDate "2025.06.03"]

1. d4 Nf6 2. c4 e6 3. Nf3 b6 4. g3 Ba6 5. Qa4 c6 6. Bg2 d5 7. cxd5 exd5 8. O-O
Bd6 9. Re1 O-O 10. Nc3 Ne4 11. Ne5 Nxc3 12. bxc3 Bb5 13. Qb3 a5 14. a4 Ba6 15.
Ba3 Bxa3 16. Qxa3 f6 17. Nd3 Qc7 18. Nf4 Qd7 19. Qb3 b5 20. axb5 Bxb5 21. Nxd5
Qf7 22. c4 a4 23. Qa2 Ba6 24. Ne3 Bb7 25. Qc2 Nd7 26. Rxa4 Nb6 27. Rb4 Nc8 28.
Reb1 Ba6 29. Bxc6 Ne7 30. Bxa8 Rxa8 31. Rb8+ Rxb8 32. Rxb8+ Bc8 33. d5 Qe8 34.
d6 Nc6 35. Ra8 h6 36. c5 g6 37. Nd5 Kg7 38. Ne7 Nxe7 39. dxe7 Qc6 40. Ra7 Kf7
41. Qc4+ Be6 42. Qd4 Bh3 43. f3 Qb5 44. Qd1 Qxc5+ 45. Kh1 Qxa7 46. Qd5+ Kxe7 0-1

[Event "Titled Tue 3rd Jun Early"]
[Site "chess.com INT"]
[Date "2025.06.03"]
[Round "10"]
[White "Aarav Sinha"]
[Black "Oleksiyenko, Mykhaylo"]
[Result "0-1"]
[WhiteTitle "FM"]
[BlackTitle "GM"]
[WhiteElo "2255"]
[BlackElo "2569"]
[WhiteFideId "25674064"]
[BlackFideId "4152417"]
[EventDate "2025.06.03"]

1. e4 c5 2. Nf3 e6 3. b3 a6 4. Bb2 Nc6 5. d4 cxd4 6. Nxd4 Qf6 7. c3 Bc5 8. Be2
Nge7 9. O-O d5 10. Nxc6 bxc6 11. Nd2 O-O 12. Qc2 e5 13. Nf3 Bd6 14. Rad1 Qg6 15.
Nd2 f5 16. exd5 cxd5 17. f4 exf4 18. Nf3 Qh6 19. c4 Bb7 20. cxd5 Rac8 21. Bc4
Kh8 22. Qd3 Rfd8 23. Ne5 Bxe5 24. Bxe5 Nxd5 25. Bxf4 Qb6+ 26. Qd4 Qxd4+ 27. Rxd4
Nxf4 28. Rfxf4 g6 29. h4 a5 30. h5 Kg7 31. hxg6 hxg6 32. Rxd8 Rxd8 33. g3 Kf6
34. Be2 Rd2 35. Bc4 Rxa2 36. Rd4 Be4 37. g4 Rg2+ 38. Kf1 Rxg4 39. Rd6+ Kg5 40.
Ra6 Kf4 41. Rxa5 Ke3 42. b4 Kd4 43. Ba6 f4 44. Ra3 Rh4 45. b5 Rh1+ 46. Kf2 Rh2+
47. Kf1 Bd3+ 48. Kg1 Rb2 49. Ra4+ Ke3 50. Ra3 f3 51. b6 f2+ 52. Kh2 f1=Q+ 0-1

[Event "Titled Tue 3rd Jun Early"]
[Site "chess.com INT"]
[Date "2025.06.03"]
[Round "10"]
[White "Kurmangaliyeva, Liya"]
[Black "Vingris, Mikelis"]
[Result "1-0"]
[WhiteTitle "FM"]
[WhiteElo "2246"]
[BlackElo "2102"]
[WhiteFideId "13725831"]
[BlackFideId "11611731"]
[EventDate "2025.06.03"]

1. d4 Nf6 2. c4 g6 3. h4 h5 4. Nc3 Bg7 5. e4 d6 6. Be2 O-O 7. Nh3 Nbd7 8. Ng5 c6
9. O-O e5 10. Be3 Qe7 11. Qd2 exd4 12. Bxd4 Nc5 13. f3 Ne6 14. Be3 Nxg5 15. Bxg5
Be6 16. Rad1 Rfd8 17. Qf4 Rd7 18. Rfe1 a6 19. Bf1 b5 20. Nd5 cxd5 21. exd5 bxc4
22. Bxc4 Rc7 23. dxe6 d5 24. exf7+ Qxf7 25. Bb3 Rd7 26. Re5 Rad8 27. Rde1 Kh7
28. Re6 Rf8 29. Qb4 Rb7 30. Qd6 Rd7 31. Qxa6 Ne4 32. R6xe4 Ra7 33. Qe2 Rb7 34.
Re7 Rxe7 35. Qxe7 Qf5 36. Qe6 Qd3 37. Qe2 Qd4+ 38. Be3 Qe5 39. Bf2 Qf5 40. Qe6
Qf4 41. Bxd5 Bxb2 42. Be4 Bf6 43. Rd1 Kh8 44. Bxg6 Rg8 45. Qf7 1-0

[Event "Titled Tue 3rd Jun Early"]
[Site "chess.com INT"]
[Date "2025.06.03"]
[Round "10"]
[White "Stefanov, Plamen"]
[Black "Gonzalez Vega, Alejandro"]
[Result "0-1"]
[BlackTitle "FM"]
[WhiteElo "1982"]
[BlackElo "2092"]
[WhiteFideId "2900980"]
[BlackFideId "3510042"]
[EventDate "2025.06.03"]

1. e4 c5 2. Nf3 a6 3. b3 d6 4. Bb2 Nc6 5. c3 Nf6 6. Bd3 e5 7. O-O Be7 8. Re1 O-O
9. h3 Qc7 10. Na3 b5 11. Nc2 Be6 12. Bf1 d5 13. exd5 Nxd5 14. d4 exd4 15. cxd4
cxd4 16. Ncxd4 Nxd4 17. Nxd4 Nf4 18. Rc1 Qb7 19. Nc6 Bg5 20. Qd4 Bf6 21. Qxf4
Bxb2 22. Rc2 Bf6 23. Bd3 h6 24. Be4 Qb6 25. Bd3 Rac8 26. Qe4 g6 27. Rec1 Bf5 28.
Qe2 Bxd3 29. Qxd3 Rce8 30. Nb4 Re6 31. Nd5 Qd8 32. Nxf6+ Qxf6 33. Qd2 h5 34. Rc3
Rfe8 35. Rf3 Qg7 36. g3 Re2 37. Qd7 R2e7 38. Qd6 Re6 39. Qd7 R6e7 40. Qd6 Re6
41. Qd7 Rf8 42. Rc7 Rf6 0-1

[Event "Titled Tue 3rd Jun Early"]
[Site "chess.com INT"]
[Date "2025.06.03"]
[Round "10"]
[White "Ismagilov, Damir"]
[Black "Calvo Gonzalez, Jose Felix"]
[Result "1-0"]
[WhiteTitle "CM"]
[BlackTitle "CM"]
[WhiteElo "2173"]
[BlackElo "2168"]
[WhiteFideId "34199982"]
[BlackFideId "54505615"]
[EventDate "2025.06.03"]

1. d4 Nf6 2. c4 g6 3. Nc3 d5 4. cxd5 Nxd5 5. e4 Nxc3 6. bxc3 Bg7 7. Bc4 O-O 8.
Ne2 c5 9. O-O Nc6 10. Be3 Qc7 11. Rc1 Rd8 12. h4 b6 13. h5 Ne5 14. Bd5 Ng4 15.
Bf4 e5 16. Bg3 Bb7 17. Bxb7 Qxb7 18. d5 f5 19. Bh4 Bf6 20. Bxf6 Nxf6 21. exf5
gxf5 22. Qc2 e4 23. c4 Qc7 24. Ng3 Qe5 25. Qc3 Qxc3 26. Rxc3 f4 27. Ne2 Nxh5 28.
Rh3 Nf6 29. Nxf4 Kh8 30. a4 a6 31. Rb1 Rab8 32. Ne6 Re8 33. Nc7 Re7 34. Nxa6 Ra8
35. Rxb6 Nd7 36. Rd6 Ne5 37. Nxc5 Ng4 38. Re6 1-0

[Event "Titled Tue 3rd Jun Early"]
[Site "chess.com INT"]
[Date "2025.06.03"]
[Round "10"]
[White "Reprintsev, Alexander"]
[Black "Kalyani Sirin"]
[Result "0-1"]
[WhiteTitle "IM"]
[BlackTitle "WFM"]
[WhiteElo "2256"]
[BlackElo "2136"]
[WhiteFideId "14100541"]
[BlackFideId "33323500"]
[EventDate "2025.06.03"]

1. e4 e5 2. Nc3 Nf6 3. g3 Nc6 4. Bg2 Bc5 5. Nge2 a5 6. d3 h6 7. h3 d6 8. O-O O-O
9. Kh2 Nd4 10. f4 exf4 11. Nxf4 c6 12. Bd2 b5 13. Nce2 Nxe2 14. Qxe2 Qe7 15.
Rae1 b4 16. c3 Ba6 17. Qf3 Nd7 18. d4 Bxf1 19. Rxf1 Bb6 20. Nh5 Qe6 21. h4 bxc3
22. bxc3 Qxa2 23. Bxh6 g6 24. Bxf8 Rxf8 25. Qg4 Qe6 26. Qg5 Bd8 27. Qh6 gxh5 28.
Qxh5 Qg6 29. Qf3 Nf6 30. Bh3 Qxe4 31. Qd1 Re8 32. Rf2 Qe3 33. Qf1 a4 34. Rxf6
Bxf6 35. Qxf6 a3 36. Bd7 Re7 37. Bxc6 a2 38. Bd5 a1=Q 39. Qg6+ Kf8 0-1

[Event "Titled Tue 3rd Jun Early"]
[Site "chess.com INT"]
[Date "2025.06.03"]
[Round "10"]
[White "Guliev, Gasan"]
[Black "Karttunen, Mika"]
[Result "0-1"]
[WhiteTitle "CM"]
[BlackTitle "IM"]
[WhiteElo "2123"]
[BlackElo "2490"]
[WhiteFideId "34165638"]
[BlackFideId "502081"]
[EventDate "2025.06.03"]

1. d4 Nf6 2. Bg5 d5 3. e3 Nbd7 4. Nd2 c5 5. c3 Qb6 6. Qb3 c4 7. Qxb6 axb6 8. a3
b5 9. Rc1 h6 10. Bh4 g5 11. Bg3 Nh5 12. Be2 Nxg3 13. hxg3 f5 14. g4 e6 15. Ngf3
Bg7 16. gxf5 exf5 17. Bd1 O-O 18. Nf1 f4 19. exf4 gxf4 20. Bc2 Ra6 21. Kd2 Nf6
22. Re1 Ng4 23. Rh5 Rd6 24. Re2 Bd7 25. Ne5 Be8 26. Rf5 Nxe5 27. Rxf8+ Kxf8 28.
dxe5 Rd8 29. e6 Ke7 30. Nh2 d4 31. cxd4 Rxd4+ 32. Kc1 Bh5 33. Nf3 Rd6 34. Bf5
Rc6 35. Kc2 c3 36. b4 Ra6 37. Kb3 Rd6 38. Rb2 cxb2 0-1

[Event "Titled Tue 3rd Jun Early"]
[Site "chess.com INT"]
[Date "2025.06.03"]
[Round "10"]
[White "Neustroev, Victor"]
[Black "Mora Munoz, Alejandro"]
[Result "0-1"]
[WhiteTitle "FM"]
[BlackTitle "FM"]
[WhiteElo "2283"]
[BlackElo "2147"]
[WhiteFideId "4144147"]
[BlackFideId "4469844"]
[EventDate "2025.06.03"]

1. e4 c5 2. Nf3 d6 3. d4 cxd4 4. Nxd4 Nf6 5. Nc3 a6 6. Nb3 g6 7. f3 Bg7 8. Be3
Nc6 9. Qd2 b5 10. a4 b4 11. Na2 Rb8 12. Bc4 Ne5 13. Be2 Nc6 14. Nd4 Nxd4 15.
Bxd4 Qa5 16. O-O O-O 17. c3 b3 18. Nb4 Bb7 19. Bc4 Nd7 20. Bxb3 Nc5 21. Bc4 Ne6
22. Bxg7 Kxg7 23. Bxe6 fxe6 24. Qd4+ e5 25. Qd3 Qc5+ 26. Kh1 a5 27. Nc2 Qc6 28.
Rfd1 Ba6 29. Qd5 Qc7 30. Rab1 Bc4 31. Qd2 Ba2 32. Ne3 Bxb1 33. Rxb1 e6 34. b3
Rfc8 35. c4 h5 36. g4 Qf7 37. Kg2 Rb6 38. h4 Rcb8 39. Qd3 Qb7 40. gxh5 gxh5 41.
Rg1 Kh7 42. Kh3 Rg8 43. Rxg8 Kxg8 44. Qf1 Rxb3 45. Qg1+ Qg7 46. Ng2 Rxf3+ 47.
Kh2 0-1

[Event "Titled Tue 3rd Jun Early"]
[Site "chess.com INT"]
[Date "2025.06.03"]
[Round "10"]
[White "Kopczynski, Michal"]
[Black "Weetik, Vjacheslav"]
[Result "0-1"]
[WhiteTitle "CM"]
[BlackTitle "FM"]
[WhiteElo "2225"]
[BlackElo "2423"]
[WhiteFideId "1124200"]
[BlackFideId "4153472"]
[EventDate "2025.06.03"]

1. e4 c6 2. d4 d5 3. Nc3 dxe4 4. Nxe4 Nf6 5. Ng3 g6 6. Nf3 Bg7 7. Bc4 O-O 8. Bg5
c5 9. dxc5 Qa5+ 10. Qd2 Qxc5 11. Bb3 Nc6 12. Be3 Qa5 13. Qxa5 Nxa5 14. O-O-O Ng4
15. Bc5 b6 16. Bxe7 Re8 17. Rd8 Rxd8 18. Bxd8 Ba6 19. Rd1 Nxf2 20. Rd7 Bb5 21.
Rd2 Nxb3+ 22. axb3 Ng4 23. Bg5 Re8 24. Rd8 Rxd8 25. Bxd8 Ne3 26. Ne1 Bc6 27. c4
Nxg2 28. Nd3 h5 29. Bc7 h4 30. Ne2 g5 31. Bb8 a6 32. Bc7 b5 33. Nb4 Bf3 34. Ng1
Bb7 35. c5 Bf8 36. c6 Ba8 37. Nxa6 Bxc6 38. Bd8 Bh6 39. Nb4 Be4 40. Kd1 g4 41.
Ke2 f5 42. Nd3 f4 43. Ne5 f3+ 44. Ngxf3 gxf3+ 45. Nxf3 h3 46. Ng1 Bf5 47. Kf3
Bf4 48. Bh4 Bxh2 49. Bg3 Bxg1 0-1

[Event "Titled Tue 3rd Jun Early"]
[Site "chess.com INT"]
[Date "2025.06.03"]
[Round "10"]
[White "Bok, Benjamin"]
[Black "Galchenko, Matvey"]
[Result "0-1"]
[WhiteTitle "GM"]
[BlackTitle "IM"]
[WhiteElo "2591"]
[BlackElo "2442"]
[WhiteFideId "1017063"]
[BlackFideId "24175480"]
[EventDate "2025.06.03"]

1. d4 Nf6 2. c4 c5 3. d5 e6 4. Nc3 exd5 5. cxd5 d6 6. e4 g6 7. f4 Bg7 8. Bb5+
Nfd7 9. a4 O-O 10. Nf3 Na6 11. O-O Nb4 12. Re1 a6 13. Bf1 Re8 14. Be3 Nf6 15.
Bf2 Bg4 16. Rc1 Nh5 17. h3 Bxf3 18. Qxf3 Rc8 19. g4 Nf6 20. Rcd1 Nd7 21. Rd2 c4
22. h4 Nc5 23. Bxc4 Nxa4 24. Nxa4 Rxc4 25. b3 Rc2 26. Rxc2 Nxc2 27. Rc1 Nd4 28.
Qd3 Qf6 29. Bg3 b5 30. Nb6 Qe7 31. Bf2 Rb8 32. Bxd4 Qxh4 33. Rc2 Qxg4+ 34. Rg2
Qxf4 35. Bxg7 Kxg7 36. Qd4+ Kg8 37. Nd7 Qc1+ 38. Kh2 Qf4+ 39. Rg3 Rc8 40. Nf6+
Kf8 41. Kh3 Rc1 42. Nxh7+ Ke7 43. Ng5 Rh1+ 44. Kg2 Qf1# 0-1

[Event "Titled Tue 3rd Jun Early"]
[Site "chess.com INT"]
[Date "2025.06.03"]
[Round "10"]
[White "Tulendinov, Dinmukhammed"]
[Black "Cuellar Montes, Alejandro"]
[Result "1/2-1/2"]
[WhiteTitle "FM"]
[BlackTitle "CM"]
[WhiteElo "2124"]
[BlackElo "2173"]
[WhiteFideId "13730860"]
[BlackFideId "32096836"]
[EventDate "2025.06.03"]

1. e4 e5 2. Nf3 Nc6 3. Bb5 a6 4. Ba4 Nf6 5. O-O Be7 6. Bxc6 dxc6 7. d3 Nd7 8.
Nbd2 Bd6 9. Nc4 Qe7 10. a4 a5 11. d4 f6 12. dxe5 Nxe5 13. Nxd6+ cxd6 14. Nd4 O-O
15. Re1 Qf7 16. b3 Rd8 17. h3 d5 18. Nf3 Nxf3+ 19. Qxf3 Be6 20. Be3 dxe4 21.
Qxe4 Bd5 22. Qg4 Qg6 23. Qxg6 hxg6 24. Bb6 Rd7 25. c4 Bf7 26. Rad1 Rxd1 27. Rxd1
Be6 28. Rd6 Kf7 29. g4 Ra6 30. Bc7 Ke7 31. f3 Ra8 32. Rd3 g5 33. Kg2 Kf7 34. Kg3
Ke7 35. h4 gxh4+ 36. Kxh4 Kf7 37. Kg3 Ke7 38. c5 g5 39. f4 gxf4+ 40. Kxf4 Kf7
41. Rh3 Kg6 42. Bb6 Bd5 43. Re3 Kf7 44. Kf5 Re8 45. Rxe8 Kxe8 46. Kxf6 Bxb3 47.
Bxa5 Bxa4 48. Bc7 Kf8 49. g5 Kg8 50. Bd6 Bb5 51. Be5 Ba6 52. Ke7 Bb5 53. g6 Ba6
54. Kd6 Bb5 55. Bf4 Bd3 56. Kc7 Bxg6 57. Kxb7 Be4 58. Kc7 Bd5 59. Kd6 Kg7 1/2-1/2